000 00340nam a22001337a 4500
020 _aRUA057428
040 _cKC
082 _a551.48 NA
110 _aWorld Association of Soil and water conservation
245 _aSoil and Water Assessment Tool (SWAT) : global applications;
260 _aDubai
_bNA
_cNA
300 _a397p.
942 _cEK
999 _c8356
_d8356